| 000 | 00680cam a2200145 4500500 | ||
|---|---|---|---|
| 005 | 20260405003236.0 | ||
| 041 | _afre | ||
| 042 | _adc | ||
| 100 | 1 | 0 |
_aDecleire, Vincent _eauthor |
| 245 | 0 | 0 | _aPierre Boulez, Leçons de musique (Points de repère, III). Deux décennies d’enseignement au Collège de France (1976-1995). Christian Bourgois, 2005, 760 pages, 26 €. Pierre Boulez, Regards sur autrui (Points de repère, II). Christian Bourgois, 2005, 780 pages, 26 € |
| 260 | _c2005. | ||
| 500 | _a2 | ||
| 786 | 0 | _nÉtudes | 403 | 7 | 2005-07-01 | p. IX-IX | 0014-1941 | |
| 856 | 4 | 1 | _uhttps://shs.cairn.info/revue-etudes-2005-7-page-IX?lang=fr&redirect-ssocas=7080 |
| 999 |
_c2065687 _d2065687 |
||